00771nam a2200253 u 450000100070000000500170000700800410002403500110006503500210007604000130009704100080011008200080011810000390012624500380016525000100020326000360021330000180024965000210026765000270028870000450031594200090036099900170036995201310038624157020260506081933.0980717s1927 fre  a241570 a(OCoLC)777715050 ccomduadb afre 4a44810aLaclotte, Fauste4auteaut928616810aPrecis de prononciation francaise a3 ed. aFrancia :bHenri Didier,c1927. a256 páginas aFrancés977244 aPronunciación95497210aRousselot, Pierre Jean4auteaut9286167 cBOOK c95504d95504 001040708PAT. DOCUMaBCbBCd1998-07-17iC317162l0o448.1 R866pp61000002428577r2023-04-22 00:00:00t1w2023-04-22yBOOKI